| 000 | 00369nam a22001337a 4500 | ||
|---|---|---|---|
| 082 |
_a50298 _bSHA _cD |
||
| 100 |
_aShaheer Ullah, LT _951093 |
||
| 245 | _aAnd if we dont come back | ||
| 260 |
_aKarachi, _bMehran Publishers, _c2015. |
||
| 300 | _a134p. | ||
| 526 |
_a0 _b0 _c0 _d50298_000000000000000_SHA |
||
| 526 |
_a0 _b0 _c0 _d50298_000000000000000_SHA |
||
| 942 |
_2ddc _cBK |
||
| 999 |
_c553844 _d553844 |
||